[Event "Khanty-Mansiysk Governor Cup Rapid 20th"]
[Site "Khanty-Mansiysk"]
[Date "2024.11.25"]
[Round "11"]
[White "Toropov, Timofey"]
[Black "Kovalenko, Mark"]
[Result "1-0"]
[WhiteElo "1806"]
[BlackElo "1648"]
[PlyCount "88"]
[EventDate "2024.11.23"]
[EventType "swiss (rapid)"]
[EventRounds "11"]
[EventCountry "RUS"]
[SourceTitle "CB48_2024"]
[SourceDate "2024.11.28"]
[SourceVersion "1"]
[SourceVersionDate "2024.11.28"]
[SourceQuality "1"]

1. d4 d5 2. c4 e6 3. Nc3 c6 4. e4 dxe4 5. Nxe4 Bb4+ 6. Nc3 Nf6 7. Nf3 0-0 8. a3 Bxc3+ 9. bxc3 Qc7 10. Bd3 Nbd7 11. 0-0 b6 12. Qe2 Bb7 13. Bg5 c5 14. Ne5 h6 15. Bf4 Nxe5 16. dxe5 Qc6 17. f3 Nd7 18. Qe3 Rfd8 19. h4 Nf8 20. h5 Qd7 21. Rfd1 Qe7 22. Be4 Bxe4 23. Qxe4 Rxd1+ 24. Rxd1 Rd8 25. Rd6 Rxd6 26. exd6 Qd7 27. Qa8 f6 28. Qb8 e5 29. Bg3 Kf7 30. f4 e4 31. f5 Qxf5 32. Qxa7+ Nd7 33. Qa8 Qe6 34. Qd5 Qxd5 35. cxd5 b5 36. Bf2 Ke8 37. Kf1 f5 38. g3 Nb6 39. Bxc5 Nxd5 40. c4 bxc4 41. a4 Kd7 42. a5 Kc6 43. a6 Nf6 44. a7 Kb7 1-0

[Event "Khanty-Mansiysk Governor Cup Rapid 20th"]
[Site "Khanty-Mansiysk"]
[Date "2024.11.24"]
[Round "8"]
[White "Kovalenko, Mark"]
[Black "Trofimova, Mariya D"]
[Result "0-1"]
[WhiteElo "1648"]
[BlackElo "1732"]
[PlyCount "82"]
[EventDate "2024.11.23"]
[EventType "swiss (rapid)"]
[EventRounds "11"]
[EventCountry "RUS"]
[SourceTitle "CB48_2024"]
[SourceDate "2024.11.28"]
[SourceVersion "1"]
[SourceVersionDate "2024.11.28"]
[SourceQuality "1"]

1. e4 e5 2. Nf3 Nc6 3. d4 exd4 4. Nxd4 Nf6 5. Nxc6 bxc6 6. Qe2 Qe7 7. Nc3 a5 8. Bg5 h6 9. Bxf6 Qxf6 10. e5 Qe6 11. Qe4 Bb4 12. Bd3 Ba6 13. 0-0 Bxc3 14. bxc3 Qd5 15. Qf5 Qe6 16. Qf4 0-0 17. Bf5 Qe7 18. Rfd1 Rfd8 19. Re1 Rab8 20. Rad1 Rb5 21. h3 Rd5 22. Rxd5 cxd5 23. Qa4 Qc5 24. Re3 c6 25. Rg3 Bc4 26. Bd3 Rb8 27. Bxc4 dxc4 28. Re3 Qd5 29. Qa3 Re8 30. Qa4 Qc5 31. Re4 d5 32. Re1 Kh7 33. Re2 Re6 34. Kh2 f6 35. f4 g5 36. g3 gxf4 37. gxf4 fxe5 38. fxe5 h5 39. h4 Qe7 40. Kh3 Rg6 41. Qxa5 Rg4 0-1